[Event "Budapest Karacsonyi op 6th"]
[Site "Budapest"]
[Date "2014.12.30"]
[Round "6"]
[White "Palla, Akos Botond"]
[Black "Mezei, Csaba"]
[Result "0-1"]
[WhiteElo "2026"]
[BlackElo "2076"]
[PlyCount "128"]
[EventDate "2014.12.27"]
[EventType "swiss"]
[EventRounds "7"]
[EventCountry "HUN"]
[SourceTitle "EXT 2020"]
[Source "ChessBase"]
[SourceDate "2019.10.17"]
[SourceVersion "1"]
[SourceVersionDate "2019.10.17"]
[SourceQuality "1"]

1. e4 e5 2. Nf3 d6 3. d4 f6 4. h3 Nc6 5. Bc4 Na5 6. Bd3 Nc6 7. c3 a6 8. Nbd2 Nge7 9. 0-0 Ng6 10. Nc4 Bd7 11. Bc2 Qe7 12. b4 Nd8 13. Ne3 Nf7 14. Ne1 Bb5 15. c4 Bd7 16. Nd5 Qd8 17. f4 c6 18. Nc3 Qb6 19. Ne2 a5 20. bxa5 Qxa5 21. Qd3 Be7 22. Bd2 Qa7 23. Be3 c5 24. dxe5 dxe5 25. f5 Nf8 26. Nc3 Bc6 27. Qe2 Qa6 28. Qg4 Qxc4 29. Bd2 g5 30. fxg6 hxg6 31. Kf2 Qd4+ 32. Ke2 Rd8 33. Nf3 Qd7 34. Qxd7+ Rxd7 35. a4 Ne6 36. Bb3 Ned8 37. Nd5 Nd6 38. Nb6 Nxe4 39. Nxd7 Kxd7 40. Rfd1 Ne6 41. Be1+ Nd4+ 42. Nxd4 exd4 43. Kf1 f5 44. Bf2 g5 45. Kg1 Kd6 46. Bc4 Ra8 47. a5 Kc7 48. Be6 Bd7 49. Bd5 Ra7 50. Bxe4 fxe4 51. Rac1 Bc6 52. Bxd4 cxd4 53. Rxd4 Rxa5 54. Rxe4 Bc5+ 55. Rxc5 Rxc5 56. Rg4 Bd7 57. Rg3 b5 58. Kf2 b4 59. Rb3 Rb5 60. Ke3 Be6 61. Rb2 b3 62. Kd4 Kd6 63. Kc3 Rc5+ 64. Kd2 Ke5 0-1

[Event "Budapest Karacsonyi op 6th"]
[Site "Budapest"]
[Date "2014.12.29"]
[Round "4"]
[White "Kiss, Pal Vac"]
[Black "Mezei, Csaba"]
[Result "1-0"]
[WhiteElo "1975"]
[BlackElo "2076"]
[PlyCount "91"]
[EventDate "2014.12.27"]
[EventType "swiss"]
[EventRounds "7"]
[EventCountry "HUN"]
[SourceTitle "EXT 2020"]
[Source "ChessBase"]
[SourceDate "2019.10.17"]
[SourceVersion "1"]
[SourceVersionDate "2019.10.17"]
[SourceQuality "1"]

1. e4 d6 2. d4 Nd7 3. c4 g6 4. Nc3 Bg7 5. Be3 b6 6. Nf3 Ngf6 7. h3 Bb7 8. Bd3 0-0 9. Qd2 c5 10. d5 Re8 11. 0-0 Bc8 12. Bh6 Bh8 13. Ng5 Bg7 14. Bxg7 Kxg7 15. f4 h6 16. Nf3 Nh7 17. e5 Ndf8 18. Rae1 a6 19. g4 Bd7 20. f5 dxe5 21. fxg6 fxg6 22. Nxe5 Nf6 23. g5 Bxh3 24. gxh6+ Kh7 25. Qg5 Kh8 26. Nf7+ Kh7 27. Nxd8 Bxf1 28. Kxf1 Raxd8 29. Re6 b5 30. Rxa6 bxc4 31. Bxc4 N8d7 32. Re6 Nf8 33. Re2 Rd6 34. Bb5 N8d7 35. Bxd7 Rxd7 36. Rg2 Rg8 37. a4 Kh8 38. Qe5 Kh7 39. Ne4 Rf8 40. Rf2 Kxh6 41. Nxf6 exf6 42. Rxf6 Rxf6+ 43. Qxf6 Rxd5 44. Qf4+ Kg7 45. Ke2 Rf5 46. Qxf5 1-0

[Event "Budapest Karacsonyi op 6th"]
[Site "Budapest"]
[Date "2014.12.28"]
[Round "2"]
[White "Bartuszek, Andras"]
[Black "Mezei, Csaba"]
[Result "0-1"]
[WhiteElo "1846"]
[BlackElo "2076"]
[PlyCount "72"]
[EventDate "2014.12.27"]
[EventType "swiss"]
[EventRounds "7"]
[EventCountry "HUN"]
[SourceTitle "EXT 2020"]
[Source "ChessBase"]
[SourceDate "2019.10.17"]
[SourceVersion "1"]
[SourceVersionDate "2019.10.17"]
[SourceQuality "1"]

1. e4 d6 2. d4 Nd7 3. Nf3 e6 4. Be3 b6 5. Nc3 Bb7 6. Qd2 Be7 7. Ng5 h6 8. Nh3 Ngf6 9. f3 a6 10. 0-0-0 b5 11. g4 e5 12. d5 Nh7 13. Kb1 Ng5 14. Nxg5 hxg5 15. a3 Nf8 16. Ne2 Bc8 17. Ng3 Ng6 18. Nh5 Kf8 19. Be2 Nh4 20. Rdg1 Bd7 21. Bf2 Ng6 22. Ng3 Nf4 23. Nf5 Bf6 24. Be3 g6 25. Ng3 Kg7 26. Bf1 c5 27. Ne2 a5 28. h4 Rxh4 29. Rxh4 gxh4 30. Nxf4 exf4 31. Bxf4 Qe7 32. Bh6+ Kg8 33. f4 Qxe4 34. Bd3 Qd4 35. c3 Qxg1+ 36. Ka2 Qxg4 0-1

[Event "HUN-chT2 Breyer 1415"]
[Site "Hungary"]
[Date "2014.12.14"]
[Round "?"]
[White "Mezei, Csaba"]
[Black "Balazs, Andras"]
[Result "1-0"]
[WhiteElo "2108"]
[BlackElo "1925"]
[PlyCount "99"]
[EventDate "2014.09.07"]
[EventType "team-tourn"]
[EventRounds "11"]
[EventCountry "HUN"]
[SourceTitle "EXT 2016"]
[Source "ChessBase"]
[SourceDate "2015.10.08"]
[SourceVersion "1"]
[SourceVersionDate "2015.10.08"]
[SourceQuality "1"]
[WhiteTeam "Pestszentlorinc"]
[BlackTeam "Nyergesujfalu"]
[WhiteTeamCountry "HUN"]
[BlackTeamCountry "HUN"]

1. d4 d5 2. e3 e6 3. f4 Nd7 4. Nf3 Ngf6 5. Bd3 c5 6. c3 Qc7 7. 0-0 Bd6 8. Ne5 Ne4 9. Nd2 Ndf6 10. Qf3 Nxd2 11. Bxd2 c4 12. Bc2 b6 13. Ba4+ Bd7 14. Nxd7 Nxd7 15. e4 dxe4 16. Qxe4 0-0 17. g3 Nf6 18. Qf3 Nd5 19. Bc2 f5 20. Rfe1 Rae8 21. Re2 Qf7 22. Rae1 g6 23. Kf2 Kg7 24. Ba4 Re7 25. Be3 Nf6 26. Kg2 Rc8 27. Bb5 Ne4 28. Bc1 Bb8 29. h3 Bd6 30. a4 Bb8 31. Rxe4 fxe4 32. Rxe4 Bd6 33. g4 Rec7 34. Qe2 h5 35. Bxc4 hxg4 36. hxg4 Qf6 37. g5 Qf8 38. Bxe6 Re8 39. Qg4 Rce7 40. d5 a6 41. b4 b5 42. Be3 Rxe6 43. Bd4+ Kf7 44. Rxe6 Be7 45. Rxa6 Bd8 46. Qd7+ Qe7 47. Rf6+ Kg8 48. Rxg6+ Kf8 49. Qf5+ Qf7 50. Bc5+ 1-0

[Event "HUN-chT2 Szechenyi 1415"]
[Site "Hungary"]
[Date "2014.09.21"]
[Round "2.3"]
[White "Csaba, Arpad Jr"]
[Black "Mezei, Csaba"]
[Result "1/2-1/2"]
[WhiteElo "2133"]
[BlackElo "1904"]
[PlyCount "48"]
[EventDate "2014.09.07"]
[EventType "team-tourn"]
[EventRounds "11"]
[EventCountry "HUN"]
[SourceTitle "EXT 2016"]
[Source "ChessBase"]
[SourceDate "2015.10.08"]
[SourceVersion "1"]
[SourceVersionDate "2015.10.08"]
[SourceQuality "1"]
[WhiteTeam "Ajka Banyasz"]
[BlackTeam "Papa"]
[WhiteTeamCountry "HUN"]
[BlackTeamCountry "HUN"]

1. b3 e5 2. Bb2 d6 3. e3 g6 4. d4 exd4 5. Bxd4 f6 6. h4 Nc6 7. Bb2 Qe7 8. Nc3 Be6 9. Nf3 0-0-0 10. Nd4 Nxd4 11. Qxd4 c5 12. Qa4 Kb8 13. Be2 h5 14. Bf3 Rh7 15. Nd5 Bxd5 16. Bxd5 Nh6 17. Qf4 Ng4 18. 0-0-0 Bh6 19. Qf3 f5 20. Kb1 Bg7 21. Bxg7 Rxg7 22. g3 Qe5 23. Rhe1 Qc3 24. Qf4 Qe5 1/2-1/2

[Event "HUN-chT2 Breyer 1415"]
[Site "Hungary"]
[Date "2014.09.21"]
[Round "?"]
[White "Mezei, Csaba"]
[Black "Berta, Krisztian"]
[Result "0-1"]
[WhiteElo "2108"]
[BlackElo "2158"]
[PlyCount "120"]
[EventDate "2014.09.07"]
[EventType "team-tourn"]
[EventRounds "11"]
[EventCountry "HUN"]
[SourceTitle "EXT 2016"]
[Source "ChessBase"]
[SourceDate "2015.10.08"]
[SourceVersion "1"]
[SourceVersionDate "2015.10.08"]
[SourceQuality "1"]
[WhiteTeam "Pestszentlorinc"]
[BlackTeam "Torokbalint"]
[WhiteTeamCountry "HUN"]
[BlackTeamCountry "HUN"]

1. f4 e5 2. d3 exf4 3. Bxf4 d5 4. Nf3 Bd6 5. Qd2 Nf6 6. Nc3 c6 7. 0-0-0 Qc7 8. g3 Bxf4 9. gxf4 Nh5 10. e3 Nd7 11. Be2 g6 12. Rdg1 b5 13. d4 b4 14. Na4 Qa5 15. b3 Nb6 16. c3 bxc3 17. Qxc3 Qxc3+ 18. Nxc3 Bf5 19. Re1 Nf6 20. Ne5 Nfd7 21. Kb2 Nxe5 22. fxe5 0-0 23. Ref1 f6 24. exf6 Rxf6 25. Re1 Re6 26. Nd1 Rd8 27. h4 Nd7 28. Rhg1 Nf6 29. h5 Kf7 30. hxg6+ hxg6 31. Rh1 Kg7 32. Rhg1 Rh8 33. Rh1 Rxh1 34. Rxh1 Ng4 35. Rh3 Nf2 36. Rg3 Ne4 37. Rg1 Kf6 38. Kc1 Re7 39. Bf3 Ng5 40. Be2 Rh7 41. Nc3 Rh2 42. Kd1 Bh3 43. b4 Bg2 44. a4 Nh3 45. Re1 g5 46. b5 cxb5 47. Nxb5 a5 48. Nc3 g4 49. Kc1 g3 50. Bb5 Be4 51. Rf1+ Kg5 52. Nxe4+ dxe4 53. Rf8 g2 54. Rg8+ Kf6 55. d5 g1Q+ 56. Rxg1 Nxg1 57. d6 Ke6 58. d7 Ke7 59. Kd1 Nf3 60. Bc6 Ne5 0-1

[Event "HUN-chT2 Erkel 1314"]
[Site "Hungary"]
[Date "2014.04.13"]
[Round "10.5"]
[White "Mezei, Csaba"]
[Black "Bodi, Tamas"]
[Result "1-0"]
[WhiteElo "2127"]
[BlackElo "2111"]
[PlyCount "61"]
[EventDate "2013.09.08"]
[EventType "team-tourn"]
[EventRounds "11"]
[EventCountry "HUN"]
[SourceTitle "EXT 2016"]
[Source "ChessBase"]
[SourceDate "2015.10.08"]
[SourceVersion "1"]
[SourceVersionDate "2015.10.08"]
[SourceQuality "1"]
[WhiteTeam "Pestszentlorinc"]
[BlackTeam "Andornaktalya"]
[WhiteTeamCountry "HUN"]
[BlackTeamCountry "HUN"]

1. d4 Nf6 2. e3 c5 3. c3 e6 4. f4 Qc7 5. Nf3 d6 6. Bd3 Be7 7. 0-0 b6 8. Nbd2 Bb7 9. Qe2 Nbd7 10. e4 0-0 11. a3 Rac8 12. e5 Nd5 13. Ne4 Rfe8 14. c4 cxd4 15. cxd5 exd5 16. Nxd6 Bxd6 17. exd6 Qxd6 18. Qf2 Nc5 19. Qc2 Ne4 20. Qd1 Qf6 21. Ne5 Rxe5 22. fxe5 Qxe5 23. Qg4 g6 24. Qd7 Qc7 25. Rxf7 Qxd7 26. Rxd7 Nc5 27. Rxb7 Nxd3 28. Bh6 Nxb2 29. Rf1 d3 30. Rbf7 d2 31. Rf8+ 1-0

[Event "HUN-chT2 Erkel 1314"]
[Site "Hungary"]
[Date "2014.03.02"]
[Round "8.5"]
[White "Mezei, Csaba"]
[Black "Hunko, Gyorgy"]
[Result "1/2-1/2"]
[WhiteElo "2127"]
[BlackElo "1999"]
[PlyCount "120"]
[EventDate "2013.09.08"]
[EventType "team-tourn"]
[EventRounds "11"]
[EventCountry "HUN"]
[SourceTitle "EXT 2016"]
[Source "ChessBase"]
[SourceDate "2015.10.08"]
[SourceVersion "1"]
[SourceVersionDate "2015.10.08"]
[SourceQuality "1"]
[WhiteTeam "Pestszentlorinc"]
[BlackTeam "Mezokovesd"]
[WhiteTeamCountry "HUN"]
[BlackTeamCountry "HUN"]

1. d4 d5 2. e3 Bf5 3. c4 e6 4. Nc3 c6 5. f4 Nd7 6. Nf3 Ngf6 7. Be2 dxc4 8. Bxc4 Nb6 9. Be2 Be7 10. 0-0 0-0 11. Nh4 Bg6 12. Nxg6 hxg6 13. Bf3 Qc7 14. g3 Rad8 15. Qc2 Qb8 16. Ne4 Nxe4 17. Bxe4 Nd5 18. a3 a5 19. Bf3 Qa7 20. Kg2 c5 21. e4 Nf6 22. dxc5 Bxc5 23. Bd2 Rc8 24. Qa4 Bb6 25. Bc3 Rfd8 26. Rad1 Qa6 27. Rfe1 Qc4 28. Qxc4 Rxc4 29. Rxd8+ Bxd8 30. Rd1 Bc7 31. Be2 Rc5 32. Kf3 Kf8 33. a4 e5 34. Bb5 Ke7 35. fxe5 Bxe5 36. Bxa5 Rc2 37. b3 Rxh2 38. Bd8+ Kf8 39. Bxf6 gxf6 40. Rd7 Rh3 41. Bc4 Rxg3+ 42. Kf2 b6 43. Rxf7+ Ke8 44. Rxf6 Bxf6 45. Kxg3 Bg5 46. e5 Bd2 47. Be6 Ke7 48. Bg4 Kd8 49. Kf3 Kc7 50. Ke4 Kc6 51. Be6 b5 52. axb5+ Kxb5 53. Bf7 Kb4 54. Bd5 Kc3 55. Bc4 Kb4 56. Kd5 Bg5 57. Ke6 Bd8 58. Bd5 Kc5 59. Be4 Kd4 60. Bxg6 Bc7 1/2-1/2

[Event "HUN-chT2 Erkel 1314"]
[Site "Hungary"]
[Date "2014.02.16"]
[Round "7.5"]
[White "Nagy, Ervin"]
[Black "Mezei, Csaba"]
[Result "0-1"]
[WhiteElo "2282"]
[BlackElo "2127"]
[PlyCount "150"]
[EventDate "2013.09.08"]
[EventType "team-tourn"]
[EventRounds "11"]
[EventCountry "HUN"]
[SourceTitle "EXT 2016"]
[Source "ChessBase"]
[SourceDate "2015.10.08"]
[SourceVersion "1"]
[SourceVersionDate "2015.10.08"]
[SourceQuality "1"]
[WhiteTeam "Budapest Honved"]
[BlackTeam "Pestszentlorinc"]
[WhiteTeamCountry "HUN"]
[BlackTeamCountry "HUN"]

1. e4 d6 2. d4 g6 3. g3 Bg7 4. Bg2 c5 5. dxc5 Qa5+ 6. Nd2 dxc5 7. Ne2 Nc6 8. Nf4 Nf6 9. 0-0 0-0 10. Nb3 Qb5 11. a4 Qc4 12. Nd2 Qd4 13. c3 Qd7 14. Qe2 Rd8 15. e5 Ne8 16. e6 fxe6 17. Bh3 Nc7 18. Ne4 b6 19. Ng5 Ba6 20. Qxa6 Nxa6 21. Bxe6+ Qxe6 22. Nfxe6 Rd5 23. Be3 Bf6 24. Nf3 Ne5 25. Nxe5 Rxe5 26. Nf4 Kf7 27. Rfd1 Ke8 28. Kg2 Rd8 29. Rxd8+ Kxd8 30. Rd1+ Ke8 31. Nd5 Re6 32. b3 Be5 33. h4 Rd6 34. Kf3 Kf7 35. Ke4 Bg7 36. Bf4 Rd7 37. Rd3 c4 38. Rd2 Nc5+ 39. Kf3 Nxb3 40. Rd1 e6 41. Ne3 Rxd1 42. Nxd1 Nc5 43. a5 bxa5 44. Bd6 Nd3 45. Ke2 a4 46. Ne3 Bxc3 47. Nxc4 Nb4 48. Bc5 a6 49. Nd6+ Kg8 50. Ne4 Nd5 51. Ba3 Bb4 52. Bb2 a3 53. Ba1 a5 54. Kd3 h6 55. Kc2 Kf7 56. Kb3 Ne7 57. Be5 Nc6 58. Ba1 e5 59. Ka2 Ke6 60. g4 Nd4 61. Ng3 Kd5 62. h5 gxh5 63. Nxh5 Nc2 64. Nf6+ Ke6 65. Ng8 Nxa1 66. Nxh6 Nc2 67. Nf5 Nd4 68. Ne3 Kf6 69. Nc4 Nc6 70. Kb3 Kg5 71. Ne3 Kf4 72. Ka2 Nd4 73. Nc4 Nf3 74. Ne3 Ng5 75. Nc4 Ne4 0-1

[Event "HUN-chT2 Erkel 1314"]
[Site "Hungary"]
[Date "2014.02.02"]
[Round "6.5"]
[White "Mezei, Csaba"]
[Black "Pal, Geza"]
[Result "0-1"]
[WhiteElo "2127"]
[BlackElo "2218"]
[PlyCount "128"]
[EventDate "2013.09.08"]
[EventType "team-tourn"]
[EventRounds "11"]
[EventCountry "HUN"]
[SourceTitle "EXT 2016"]
[Source "ChessBase"]
[SourceDate "2015.10.08"]
[SourceVersion "1"]
[SourceVersionDate "2015.10.08"]
[SourceQuality "1"]
[WhiteTeam "Pestszentlorinc"]
[BlackTeam "Fot"]
[WhiteTeamCountry "HUN"]
[BlackTeamCountry "HUN"]

1. d4 Nf6 2. Bf4 c5 3. c3 cxd4 4. cxd4 Qb6 5. Qd2 Nc6 6. e3 Ne4 7. Qc1 g5 8. Bg3 d5 9. Nc3 Qa5 10. a3 Nxc3 11. bxc3 Bf5 12. h4 g4 13. Qb2 Bg7 14. Ne2 0-0 15. f3 e5 16. Kf2 Rac8 17. Rc1 Qa4 18. dxe5 Nxe5 19. Nd4 Be6 20. Be2 Nc4 21. Bxc4 Rxc4 22. Bf4 Qd7 23. Kg3 h5 24. Nb5 a6 25. Nd4 Rfc8 26. Rhe1 b5 27. Qd2 Qe7 28. Qb2 Bf6 29. Rh1 Bd7 30. Rc2 Ra4 31. Ra1 Kh8 32. Kf2 gxf3 33. Nxf3 Bg4 34. Nd4 Qe4 35. Kg3 Rg8 36. Rf2 Be6+ 37. Kh2 Bxh4 38. g3 Bf6 39. Rg1 Bg4 40. Nb3 Qe7 41. Rh1 Rg6 42. Qd2 Rxa3 43. Qxd5 Qe6 44. Qxe6 fxe6 45. Bd6 Rxb3 46. Rxf6 Rxf6 47. Be5 Kg7 48. Rf1 Bf5 49. e4 Kg6 50. Bxf6 Kxf6 51. exf5 exf5 52. Ra1 Rxc3 53. Rxa6+ Kg5 54. Rb6 Rb3 55. Rb8 Rb1 56. Kh3 b4 57. Rb6 b3 58. Kg2 h4 59. Rb4 hxg3 60. Kxg3 b2 61. Kg2 Kf6 62. Rb5 f4 63. Kh2 f3 64. Rb3 Ke5 0-1

[Event "HUN-chT2 Erkel 1314"]
[Site "Hungary"]
[Date "2013.11.17"]
[Round "5.4"]
[White "Mezei, Csaba"]
[Black "Fordan, Tibor"]
[Result "1/2-1/2"]
[WhiteElo "2127"]
[BlackElo "2227"]
[PlyCount "84"]
[EventDate "2013.09.08"]
[EventType "team-tourn"]
[EventRounds "11"]
[EventCountry "HUN"]
[SourceTitle "EXT 2016"]
[Source "ChessBase"]
[SourceDate "2015.10.08"]
[SourceVersion "1"]
[SourceVersionDate "2015.10.08"]
[SourceQuality "1"]
[WhiteTeam "Pestszentlorinc"]
[BlackTeam "Budapest EAC II"]
[WhiteTeamCountry "HUN"]
[BlackTeamCountry "HUN"]

1. d4 d5 2. e3 Bf5 3. f4 e6 4. Bd3 Nh6 5. Nf3 Be7 6. 0-0 0-0 7. a3 c6 8. Qe2 Nd7 9. Nbd2 Bxd3 10. Qxd3 Nf5 11. g4 Nd6 12. Rf2 Nf6 13. Rg2 Nfe4 14. h4 c5 15. g5 Rc8 16. c3 cxd4 17. exd4 b5 18. h5 a5 19. Ne5 b4 20. axb4 axb4 21. Nxe4 dxe4 22. Qh3 bxc3 23. bxc3 Nf5 24. g6 fxg6 25. hxg6 h6 26. Kh2 Bd6 27. Bd2 Bxe5 28. fxe5 e3 29. Be1 Qd5 30. Rga2 Rb8 31. Qg2 Qc4 32. Ra8 Qc8 33. Rxb8 Qxb8 34. Ra6 Qb1 35. Ra8 Qxe1 36. Rxf8+ Kxf8 37. Qa8+ Ke7 38. Qb7+ Kd8 39. Qb8+ Kd7 40. Qb7+ Kd8 41. Qb8+ Kd7 42. Qb7+ Kd8 1/2-1/2

[Event "HUN-chT2 Erkel 1314"]
[Site "Hungary"]
[Date "2013.11.03"]
[Round "4.5"]
[White "Mezei, Csaba"]
[Black "Laza, Szabolcs"]
[Result "1/2-1/2"]
[WhiteElo "2127"]
[BlackElo "2036"]
[PlyCount "60"]
[EventDate "2013.09.08"]
[EventType "team-tourn"]
[EventRounds "11"]
[EventCountry "HUN"]
[SourceTitle "EXT 2016"]
[Source "ChessBase"]
[SourceDate "2015.10.08"]
[SourceVersion "1"]
[SourceVersionDate "2015.10.08"]
[SourceQuality "1"]
[WhiteTeam "Pestszentlorinc"]
[BlackTeam "Vizugy"]
[WhiteTeamCountry "HUN"]
[BlackTeamCountry "HUN"]

1. d4 d5 2. Bf4 Nf6 3. e3 c5 4. c3 Nc6 5. Nf3 e6 6. Nbd2 Bd6 7. Ne5 0-0 8. Bd3 Qc7 9. Ndf3 Nd7 10. Nxd7 Bxd7 11. Bxd6 Qxd6 12. 0-0 e5 13. Bc2 cxd4 14. exd4 Bg4 15. Bxh7+ Kh8 16. Bc2 e4 17. h3 Bxf3 18. gxf3 f5 19. fxe4 fxe4 20. Qh5+ Kg8 21. Bd1 Rf6 22. Bg4 Raf8 23. Qh4 Ne7 24. Qg3 Rf4 25. Rae1 R8f6 26. Qh2 Ng6 27. Re3 Nh4 28. Kh1 Qf8 29. Kg1 Qd6 30. Kh1 Qf8 1/2-1/2

[Event "HUN-chT2 Erkel 1314"]
[Site "Hungary"]
[Date "2013.09.22"]
[Round "2.5"]
[White "Mezei, Csaba"]
[Black "Rozgonyi, Aron"]
[Result "1-0"]
[WhiteElo "2127"]
[BlackElo "2121"]
[PlyCount "139"]
[EventDate "2013.09.08"]
[EventType "team-tourn"]
[EventRounds "11"]
[EventCountry "HUN"]
[SourceTitle "EXT 2016"]
[Source "ChessBase"]
[SourceDate "2015.10.08"]
[SourceVersion "1"]
[SourceVersionDate "2015.10.08"]
[SourceQuality "1"]
[WhiteTeam "Pestszentlorinc"]
[BlackTeam "Dunaharaszti II"]
[WhiteTeamCountry "HUN"]
[BlackTeamCountry "HUN"]

1. d4 d5 2. e3 Nf6 3. f4 Bf5 4. Bd3 Ne4 5. Nf3 e6 6. 0-0 Nd7 7. Qe2 Bd6 8. Nbd2 Ndf6 9. Ne5 Nxd2 10. Bxd2 Ne4 11. Be1 f6 12. g4 fxe5 13. gxf5 exf4 14. Bxe4 dxe4 15. Qh5+ g6 16. fxg6 Rg8 17. Bh4 Be7 18. Qxh7 Kd7 19. Rxf4 Rh8 20. Qxe7+ Qxe7 21. Bxe7 Kxe7 22. Rxe4 Rag8 23. Rg4 Rh6 24. Re1 Rgxg6 25. Rg2 Rf6 26. Rf1 Kd6 27. Rxf6 Rxf6 28. Rg5 Rf3 29. Re5 Rf6 30. h4 b6 31. Kg2 c5 32. c3 cxd4 33. cxd4 Rf7 34. h5 Rc7 35. h6 Rh7 36. Rh5 Ke7 37. Kf3 Kf6 38. Ke4 a6 39. b4 Kg6 40. Rh2 Kf6 41. a4 b5 42. axb5 axb5 43. d5 exd5+ 44. Kxd5 Kf5 45. e4+ Kf6 46. e5+ Ke7 47. e6 Rh8 48. h7 Rd8+ 49. Ke5 Rf8 50. h8N Rxh8 51. Rf2 Rh5+ 52. Rf5 Rh4 53. Rf7+ Ke8 54. Rf4 Rh1 55. Kd6 Rd1+ 56. Kc6 Re1 57. Kxb5 Rxe6 58. Rd4 Ke7 59. Ka5 Re1 60. b5 Ra1+ 61. Kb6 Rb1 62. Kc6 Rc1+ 63. Kb7 Rb1 64. b6 Ke6 65. Kc7 Rc1+ 66. Kb8 Ke5 67. Rd2 Ke6 68. b7 Rc3 69. Ra2 Kd7 70. Ka8 1-0

[Event "HUN-chT2 Erkel 1314"]
[Site "Hungary"]
[Date "2013.09.08"]
[Round "1.5"]
[White "Koszegi, Lajos"]
[Black "Mezei, Csaba"]
[Result "1-0"]
[WhiteElo "2081"]
[BlackElo "2127"]
[PlyCount "107"]
[EventDate "2013.09.08"]
[EventType "team-tourn"]
[EventRounds "11"]
[EventCountry "HUN"]
[SourceTitle "EXT 2016"]
[Source "ChessBase"]
[SourceDate "2015.10.08"]
[SourceVersion "1"]
[SourceVersionDate "2015.10.08"]
[SourceQuality "1"]
[WhiteTeam "Szada GSBE"]
[BlackTeam "Pestszentlorinc"]
[WhiteTeamCountry "HUN"]
[BlackTeamCountry "HUN"]

1. e4 c5 2. Nc3 Nc6 3. f4 e6 4. Nf3 Nf6 5. Bb5 Nd4 6. Bf1 a6 7. d3 b5 8. e5 Ng8 9. Ne4 Bb7 10. c3 Nf5 11. Qc2 Rc8 12. Be2 d5 13. exd6 Nxd6 14. Nxd6+ Bxd6 15. 0-0 Qc7 16. Ng5 h6 17. Ne4 Ne7 18. Bf3 Nf5 19. g4 Bxe4 20. dxe4 Nh4 21. Bh1 e5 22. f5 Be7 23. Be3 Bg5 24. Qf2 0-0 25. Rad1 Bf6 26. Rd5 c4 27. Rfd1 Rfd8 28. Bb6 Rxd5 29. Rxd5 Qc6 30. a3 Rb8 31. Bc5 Rd8 32. Bb4 Qa8 33. Qd2 Rc8 34. Rd7 a5 35. Be7 Bxe7 36. Rxe7 Rd8 37. Qe1 g5 38. Rxe5 Qa7+ 39. Kf1 Qc7 40. Qg3 Qb6 41. Rd5 Re8 42. Rd6 Qa7 43. e5 b4 44. a4 Qc5 45. Bd5 Kg7 46. e6 bxc3 47. Qxc3+ f6 48. Rd7+ Re7 49. Qxc4 Qxc4+ 50. Bxc4 Kf8 51. Rxe7 Kxe7 52. Bd5 Kd6 53. Ke2 h5 54. h3 1-0

[Event "HUN-chT2 Erkel 1213"]
[Site "Hungary"]
[Date "2013.01.27"]
[Round "6.7"]
[White "Pisak, Istvan"]
[Black "Mezei, Csaba"]
[Result "0-1"]
[WhiteElo "2042"]
[BlackElo "2105"]
[PlyCount "130"]
[EventDate "2012.09.16"]
[EventType "team-tourn"]
[EventRounds "11"]
[EventCountry "HUN"]
[SourceTitle "EXT 2014"]
[Source "ChessBase"]
[SourceDate "2013.11.20"]
[SourceVersion "1"]
[SourceVersionDate "2013.11.20"]
[SourceQuality "1"]
[WhiteTeam "Vizugy"]
[BlackTeam "Pestszentlorinc"]
[WhiteTeamCountry "HUN"]
[BlackTeamCountry "HUN"]

1. c4 c5 2. Nc3 Nc6 3. Nf3 e6 4. g3 Nf6 5. Bg2 Be7 6. 0-0 0-0 7. d4 cxd4 8. Nxd4 a6 9. e4 Qc7 10. b3 d6 11. Bb2 Rb8 12. Rc1 Nd7 13. Nde2 Nc5 14. Nf4 b5 15. cxb5 axb5 16. Nce2 b4 17. Nh5 f6 18. Nd4 Nxd4 19. Bxd4 e5 20. Bxc5 dxc5 21. g4 g6 22. Ng3 Rd8 23. Qe2 Qb6 24. Rfd1 Rd4 25. h3 Kg7 26. Qc2 Be6 27. Nf1 Rbd8 28. Ne3 Qd6 29. Nd5 Bf8 30. Rxd4 exd4 31. Qd2 Bxd5 32. exd5 Re8 33. Re1 Re5 34. Rxe5 Qxe5 35. Kf1 Bd6 36. Qe2 Qf4 37. Bf3 Be5 38. Bg2 Kf8 39. Bf3 Ke7 40. Qd3 f5 41. Ke2 Kf6 42. gxf5 gxf5 43. Qd1 Bd6 44. Kd3 h5 45. Qe2 Be5 46. Bxh5 Qc1 47. Qd2 Qf1+ 48. Kc2 d3+ 49. Qxd3 Qa1 50. Qa6+ Kg5 51. Qg6+ Kh4 52. Qxf5 Qxa2+ 53. Kd1 Qxb3+ 54. Ke2 Qc4+ 55. Kf3 Qxd5+ 56. Ke2 Qc4+ 57. Kf3 Qd5+ 58. Ke2 Qc4+ 59. Kd1 Qf4 60. Qh7 Qxf2 61. Be2+ Kg3 62. Qg8+ Kh2 63. Qe6 Qd4+ 64. Kc2 Qc3+ 65. Kd1 Bf4 0-1